Pilgrim ashrines of Indian mythology, archaelogy, history and art : (Record no. 135294)
[ view plain ]
| 000 -LEADER | |
|---|---|
| fixed length control field | 00841nam a22002297a 4500 |
| 005 - DATE AND TIME OF LATEST TRANSACTION | |
| control field | 20170124110243.0 |
| 010 ## - LIBRARY OF CONGRESS CONTROL NUMBER | |
| LC control number | B-079930 |
| 020 ## - INTERNATIONAL STANDARD BOOK NUMBER | |
| Terms of availability | 1950.00 |
| International Standard Book Number | 8173052387 |
| 035 ## - SYSTEM CONTROL NUMBER | |
| System control number | B-079930 |
| 037 ## - SOURCE OF ACQUISITION | |
| Source of stock number/acquisition | Cen Lib/Ret |
| 040 ## - CATALOGING SOURCE | |
| Original cataloging agency | DPL |
| Language of cataloging | EN |
| 082 ## - DEWEY DECIMAL CLASSIFICATION NUMBER | |
| Classification number | 915.4 |
| Item number | KHA |
| 100 ## - MAIN ENTRY--PERSONAL NAME | |
| Personal name | Khanna, Amar Nath |
| 9 (RLIN) | 95971 |
| 245 ## - TITLE STATEMENT | |
| Title | Pilgrim ashrines of Indian mythology, archaelogy, history and art : |
| Statement of responsibility, etc | by Amar Nath Khanna |
| Remainder of title | Hindu, Jain, Buddhist, Sikh, Jewish, Christian & Sufi / |
| 260 ## - PUBLICATION, DISTRIBUTION, ETC. (IMPRINT) | |
| Place of publication, distribution, etc | New Delhi |
| Name of publisher, distributor, etc | Aryan Books International |
| Date of publication, distribution, etc | 2003 |
| 270 ## - ADDRESS | |
| City | New Delhi |
| Address | Pooja Apts., 4B, Ansari Road, Daryaganj |
| Postal code | 110002 |
| 300 ## - PHYSICAL DESCRIPTION | |
| Extent | xxi,248p. : |
| Dimensions | 26m(Hb) |
| Other physical details | ill. |
| 500 ## - GENERAL NOTE | |
| General note | includes bibliographical references and index |
| 650 ## - SUBJECT ADDED ENTRY--TOPICAL TERM | |
| Topical term or geographic name as entry element | India -- Antiquities. |
| 9 (RLIN) | 19756 |
| 650 ## - SUBJECT ADDED ENTRY--TOPICAL TERM | |
| Topical term or geographic name as entry element | Shrines -- India |
| 9 (RLIN) | 95972 |
| 942 ## - ADDED ENTRY ELEMENTS (KOHA) | |
| Source of classification or shelving scheme | Dewey Decimal Classification |
| Koha item type | English Books |
| Classification part | 915.4 |
| Call number suffix | KHA |
| Withdrawn status | Lost status | Damaged status | Not for loan | Collection code | Home library | Current library | Date acquired | Source of acquisition | Cost, normal purchase price | Total Checkouts | Full call number | Barcode | Date last seen | Copy number | Cost, replacement price | Price effective from | Koha item type |
|---|---|---|---|---|---|---|---|---|---|---|---|---|---|---|---|---|---|
| Not For Loan | Reference | Central Library | Central Library | 05/10/2015 | Cen Lib/Ref | 1950.00 | 915.4 KHA | B-079930 | 05/10/2015 | 1 | 1950.00 | 05/10/2015 | English Books |
